000 00595nam a2200241 a 4500
001 nice12345678
003 IN_TiNIC
005 20260116013344.0
008 050524s1998 dela grp 000 0 eng
020 _a
_c260
082 0 0 _a297.61
_bAZI1
100 _aAzimabadi, Badr
245 _aGreat Personalities in Islam
260 _aDelhi
_bAdam Publishers
_c1998
300 _a595p
500 _aincludes index and biblioraphy
505 2 _aNotes, Bibliography, Index
650 _aScholars-Muslim
700 1 _aAzimabadi, Badr
902 _bSRS
942 _cBK
999 _c10681
_d10681